00838cam a22002533a 45000010005000000030006000050050017000110080041000280400015000690420007000840500007000911000047000982450096001452600029002415060030002705160020003006530023003206530033003436530058003766530059004346530022004938300028005158560041005435805PGUSA20140828083124.0040601s2004||||xxu|||||s|||||000 1 eng d aPGUSAbeng adc 4aPR1 aOrczy, Emmuska Orczy, Baroness,d1865-194714aThe League of the Scarlet Pimpernelh[electronic resource] /cEmmuska Orczy, Baroness Orczy bProject Gutenberg,c2004 aPublic domain in the USA. aElectronic text aHistorical fiction aBritish -- France -- Fiction aFrance -- History -- Revolution, 1789-1799 -- Fiction aBlakeney, Percy, Sir (Fictitious character) -- Fiction aAdventure stories 0aProject Gutenbergv580540uhttp://www.gutenberg.org/ebooks/5805